000 00982cam a2200217 4500
001 WB4012-05
008 040325n2004 000 0 eng u
035 _a(Sirsi) u125586
245 _aHazardous waste warning to businesses
260 _c2004
490 _aNational Assembly for Wales Press Release
_v 25 March 2004 (1)
520 _aThe Welsh Environment Minister has launched an information campaign to encourage industry and business to initiate schemes to meet new waste disposal challenges. This is accompanied by an industry wide leaflet, which provides a summary of the key issues and clear direction on where to go for help. http://www.wales.gov.uk/servlet/PressReleaseByDate Servlet?area_code=37E752F2000942E000000A2E00000000 &document_code=N0000000000000000000000000019344
590 _aWB
590 _aWB
650 _aWASTE DISPOSAL
650 _aWALES
650 _aHAZARDOUS WASTE
650 _aLANDFILL
690 _aENVIRONMENT
_96238
942 _n0
999 _c117142
_d117142